Aerohobby časopis o všech podobách létaní
| Other Authors: | |
|---|---|
| Format: | Journal |
| Language: | Czech Slovak |
| PhysicalDescription: | zv. 30 cm |
| Published: |
Praha
Aeromedia
2004-
Bratislava Magnet Press, Slovakia |
| ISSN: | 1214-4975 |
| Subjects: |
MARC
| LEADER | 00000cas a2200000 a 4500 | ||
|---|---|---|---|
| 001 | vtls010655248 | ||
| 003 | SK-MaSNL | ||
| 005 | 20260228161217.0 | ||
| 008 | 150217c20049999xr br0p 001 0cze | ||
| 022 | |a 1214-4975 | ||
| 040 | |a SVKPO |b slo |c SVKPO |d SNK |e AACR2 | ||
| 041 | 0 | |a cze |a slo | |
| 044 | |a a xo |c SK |a xr |c CZ | ||
| 072 | 7 | |a 629 |x Dopravné prostriedky |2 konspekt | |
| 072 | 7 | |a 533 |x Mechanika plynov. Aeromechanika. Fyzika plazmy |2 konspekt | |
| 080 | |a 629.734/.735 |2 2011 | ||
| 080 | |a 629.7 |2 2011 | ||
| 080 | |a 533.6 |2 2011 | ||
| 080 | |a 050 |2 2011 | ||
| 080 | |a (051)-048.55 |2 2011 | ||
| 210 | 0 | |a Aerohobby |b (Praha) | |
| 222 | 0 | |a Aerohobby |b (Praha) | |
| 245 | 0 | 0 | |a Aerohobby |b časopis o všech podobách létaní |
| 246 | 3 | 1 | |a Aero hobby |
| 260 | |a Praha |b Aeromedia |c 2004- | ||
| 260 | 3 | |3 2015- |a Bratislava |b Magnet Press, Slovakia | |
| 300 | |a zv. |c 30 cm | ||
| 310 | |a 6x ročne | ||
| 362 | 0 | |a Roč. 1, č. 1 (2004)- |z NK ČR/2005 | |
| 500 | |a Šéfredaktor: 2015- , Petr Kolmann | ||
| 500 | |a Reg. číslo: MK SR 5062/14 | ||
| 500 | |a Popis podľa: Roč. 12, č. 1 (2015) | ||
| 500 | |a Podnázov v tiráži: český a slovenský magazín o létaní | ||
| 546 | |a Text aj v slovenčine | ||
| 550 | |a Od r.2015 vydáva Magnet Press Slovakia, Bratislava na základe licencie Aeromedia, Praha | ||
| 650 | 0 | 7 | |a lietadlá |2 SNKPH |9 4248 |
| 650 | 0 | 7 | |a letectvo |2 SNKPH |9 23632 |
| 650 | 0 | 7 | |a aerodynamika |2 SNKPH |9 17380 |
| 655 | 7 | |a špecializované časopisy |2 SNKPH |9 70509 | |
| 700 | 1 | |a Kolmann, Petr, |d 1969- |4 pbd |9 223599 | |
| 910 | |a snk | ||
| 910 | |a svkpo | ||
| 999 | |c 4682 |d 6612 | ||
| 952 | |0 0 |1 0 |4 0 |7 0 |8 0 |a SNK |b SNK |d 2020-11-30 |i snk2020/21368 |l 0 |o snkČSB 7360/16/2019 |p 17A1432627 |r 2026-02-21 19:24:08 |t č. 1-6 |w 2026-02-21 |y PREZ | ||
| 952 | |0 0 |1 0 |4 0 |7 0 |8 0 |a SNK |b SNK |d 2024-05-29 |i snk2024/8531 |l 0 |o snkČSB 7360/16/2019 D1 |p 17A1523440 |r 2026-02-21 19:48:14 |t č. 1-6 |w 2026-02-21 |y PREZ | ||
| 952 | |0 0 |1 0 |4 0 |7 0 |8 0 |a SNK |b SNK |d 2024-05-30 |i snk2024/8592 |l 0 |o snkČSB 7360/17/2020 |p 17A1523441 |r 2026-02-21 19:49:02 |t č. 1-6 |w 2026-02-21 |y PREZ | ||
| 952 | |0 0 |1 0 |4 0 |7 0 |8 0 |a SNK |b SNK |d 2024-05-30 |i snk2024/8593 |l 0 |o snkČSB 7360/17/2020 D1 |p 17A1523442 |r 2026-02-21 19:49:02 |t č. 1-6 |w 2026-02-21 |y PREZ | ||
| 952 | |0 0 |1 0 |4 0 |7 0 |8 0 |a SNK |b SNK |d 2024-05-30 |i snk2024/8596 |l 0 |o snkČSB 7360/18/2021 |p 17A1523443 |r 2026-02-21 19:49:02 |t č. 1-6 |w 2026-02-21 |y PREZ | ||
| 952 | |0 0 |1 0 |4 0 |7 0 |8 0 |a SNK |b SNK |d 2024-05-30 |i snk2024/8597 |l 0 |o snkČSB 7360/18/2021 D1 |p 17A1523444 |r 2026-02-21 19:49:02 |t č. 1-6 |w 2026-02-21 |y PREZ | ||
| 952 | |0 0 |1 0 |4 0 |7 0 |8 0 |a SNK |b SNK |d 2024-05-30 |i snk2024/8602 |l 0 |o snkČSB 7360/19/2022 |p 17A1523445 |r 2026-02-21 19:49:02 |t č. 1-6 |w 2026-02-21 |y PREZ | ||
| 952 | |0 0 |1 0 |4 0 |7 0 |8 0 |a SNK |b SNK |d 2024-05-30 |i snk2024/8603 |l 0 |o snkČSB 7360/19/2022 D1 |p 17A1523446 |r 2026-02-21 19:49:04 |t č. 1-6 |w 2026-02-21 |y PREZ | ||
| 952 | |0 0 |1 0 |4 0 |7 0 |8 0 |a SNK |b SNK |d 2024-05-30 |i snk2024/8604 |l 0 |o snkČSB 7360/20/2023 |p 17A1523447 |r 2026-02-21 19:49:04 |t č. 1-6 |w 2026-02-21 |y PREZ | ||
| 952 | |0 0 |1 0 |4 0 |7 0 |8 0 |a SNK |b SNK |d 2024-05-30 |i snk2024/8605 |l 0 |o snkČSB 7360/20/2023 D1 |p 17A1523448 |r 2026-02-21 19:49:04 |t č. 1-6 |w 2026-02-21 |y PREZ | ||
| 952 | |0 0 |1 0 |4 0 |7 0 |8 0 |a SNK |b SNK |d 2019-11-13 |i snk2019/29191 |l 0 |o snkČSB 7360/12/2015 |p 17A1384667 |r 2026-02-21 22:07:59 |t č. 1-6 |w 2026-02-21 |y PREZ | ||
| 952 | |0 0 |1 0 |4 0 |7 0 |8 0 |a SNK |b SNK |d 2019-11-13 |i snk2019/29193 |l 0 |o snkČSB 7360/13/2016 |p 17A1384668 |r 2026-02-21 22:07:59 |t č. 1-6 |w 2026-02-21 |y PREZ | ||
| 952 | |0 0 |1 0 |4 0 |7 0 |8 0 |a SNK |b SNK |d 2019-11-13 |i snk2019/29194 |l 0 |o snkČSB 7360/14/2017 |p 17A1384669 |r 2026-02-21 22:07:59 |t č. 1-6 |w 2026-02-21 |y PREZ | ||
| 952 | |0 0 |1 0 |4 0 |7 0 |8 0 |a SNK |b SNK |d 2019-11-13 |i snk2019/29195 |l 0 |o snkČSB 7360/15/2018 |p 17A1384670 |r 2026-02-21 22:07:59 |t č. 1-6 |w 2026-02-21 |y PREZ | ||
| 952 | |0 0 |1 0 |4 0 |7 0 |8 0 |a SNK |b SNK |d 2019-11-13 |i snk2019/29196 |l 0 |o snkČSB 7360/12/2015 D1 |p 17A1384671 |r 2026-02-21 22:07:59 |t č. 1-6 |w 2026-02-21 |y PREZ | ||
| 952 | |0 0 |1 0 |4 0 |7 0 |8 0 |a SNK |b SNK |d 2019-11-13 |i snk2019/29197 |l 0 |o snkČSB 7360/13/2016 D1 |p 17A1384672 |r 2026-02-21 22:07:59 |t č. 1-6 |w 2026-02-21 |y PREZ | ||
| 952 | |0 0 |1 0 |4 0 |7 0 |8 0 |a SNK |b SNK |d 2019-11-13 |i snk2019/29198 |l 0 |o snkČSB 7360/14/2017 D1 |p 17A1384673 |r 2026-02-21 22:07:59 |t č. 1-6 |w 2026-02-21 |y PREZ | ||
| 952 | |0 0 |1 0 |4 0 |7 0 |8 0 |a SNK |b SNK |d 2019-11-13 |i snk2019/29199 |l 0 |o snkČSB 7360/15/2018 D1 |p 17A1384674 |r 2026-02-21 22:07:59 |t č. 1-6 |w 2026-02-21 |y PREZ | ||


